000 00308nam a22001457a 4500
008 230403b ||||| |||| 00| 0 eng d
020 _a0070333017
041 _aeng
080 _a721
082 _a721KAR
100 _a20
101 _aNDERTI
245 _aPUMP HANDBOOK
_cKARASSIK.J.I
942 _2udc
_cBK
999 _c59489
_d59489